| 000 | 01341cam a2200265 4500 | ||
|---|---|---|---|
| 001 | ##L133714 | ||
| 008 | 060605n2006 000 0 eng u | ||
| 020 |
_a9781851128563 _a1851128565 |
||
| 035 | _a(Sirsi) u133714 | ||
| 041 | 0 | _aeng | |
| 110 | 1 |
_aUnited Kingdom _bDepartment for Communities and Local Government _94939 |
|
| 245 | 0 | 0 |
_aHousing health and safety rating system _bguidance for landlords and property related professionals |
| 260 |
_aLondon _bDCLG _c2006 |
||
| 300 |
_aii, 70p. _bill. |
||
| 350 | _a12 | ||
| 520 | _aThis document is intended to help non-specialists, particularly private landlords, understand the requirements of the Housing Health and Safety Rating System, a new risk assessment tool designed to be used for assessing potential hazards to the health and safety of occupiers of residential properties in England and Wales. | ||
| 590 | _aIKA060606 NTK | ||
| 650 | 2 | 4 | _aHOUSING ACT 2004 PART I |
| 650 | 2 | 4 | _aHOUSING ACT 2004 |
| 650 | 2 | 4 | _aHOUSING HEALTH AND SAFETY RATING SYSTEM (ENGLAND) REGULATIONS 2005 |
| 651 | 4 |
_aEngland and Wales _y1543- |
|
| 690 | _aPROPERTY-RESIDENTIAL PROPERTY-RESIDENTIAL LANDLORD AND TENANT-RESIDENTIAL LANDLORD AND TENANT REFORM | ||
| 856 | 4 | 1 |
_uhttps://www.communities.gov.uk/index.asp?id=1500221 _zView the item free of charge at www.communities.gov.uk... |
| 942 | _n0 | ||
| 999 |
_c105458 _d105458 |
||